Państwo na literę „M”. - Statystyki

Ogólne statystyki
  • Ten quiz został rozwiązany 455 razy
  • Średni wynik to 4 z 8
Statystyki odpowiedzi
Odpowiedź % Poprawnych
Macedonia
60%
Malta
60%
Monako
60%
Maroko
59%
Mołdawia
59%
Meksyk
49%
Mongolia
49%
Mali
46%
Nie znaleziono quizów pasujących do podanych kryteriów
Rozkład punktacji
Procent ludzi z każdym wynikiem
Percentyl według liczby udzielonych odpowiedzi
Twoja historia wyników
Nie rozwiązałeś tego quizu